Southville International School and Colleges
Your cart is empty.
  • Cart
  • Lists
    Public lists Eva Luna New books Lux_list list_1
    Your lists Log in to create your own lists
  • Log in to your account
  • Your cookies
  • Search history
Southville International School and Colleges
  • Advanced search
  • Recent comments
  • Most popular
  • Libraries

Log in to your account

Log in with GOOGLE


If you do not have an external account, but do have a local account, you can still log in:

  1. Home
  2. MARC view: The spray-paint mystery /
Normal view MARC view ISBD view

The spray-paint mystery / (Record no. 34156)

[ view plain ]
MARC details
000 -LEADER
fixed length control field 01446cam a22003853a 4500
001 - CONTROL NUMBER
control field 16404659
003 - CONTROL NUMBER IDENTIFIER
control field OSt
005 - DATE AND TIME OF LATEST TRANSACTION
control field 20140310184416.0
008 - FIXED-LENGTH DATA ELEMENTS--GENERAL INFORMATION
fixed length control field 970113s1996 nyua j 000 1 eng d
010 ## - LIBRARY OF CONGRESS CONTROL NUMBER
LC control number 97810708
020 ## - INTERNATIONAL STANDARD BOOK NUMBER
International Standard Book Number 0590484745 (pbk.)
035 ## - SYSTEM CONTROL NUMBER
System control number (OCoLC)ocm36196332
040 ## - CATALOGING SOURCE
Original cataloging agency VPL
Transcribing agency VPL
Modifying agency SLC
-- OCL
-- DLC
050 ## - LIBRARY OF CONGRESS CALL NUMBER
Classification number PZ 7
Item number .M488 2004
100 1# - MAIN ENTRY--PERSONAL NAME
Personal name Medearis, Angela Shelf,
Dates associated with a name 1956-
9 (RLIN) 23854
245 14 - TITLE STATEMENT
Title The spray-paint mystery /
Statement of responsibility, etc Angela Shelf Medearis ; illustrated by Richard Williams.
260 ## - PUBLICATION, DISTRIBUTION, ETC. (IMPRINT)
Place of publication, distribution, etc New York, NY :
Name of publisher, distributor, etc Scholastic Inc.,
Date of publication, distribution, etc 1996.
300 ## - PHYSICAL DESCRIPTION
Extent 102 p. :
Other physical details ill. ;
Dimensions 20 cm.
440 #0 - SERIES STATEMENT/ADDED ENTRY--TITLE
Title Little apple
9 (RLIN) 4142
500 ## - GENERAL NOTE
General note "A Little Apple paperback."
520 ## - SUMMARY, ETC.
Summary, etc Someone's been painting graffiti on the walls. It's up to Cameron to find out who and prove that he can be a great detective just like his dad. With help from his best friend, Tarann, it's up to him to solve this paint puzzle!
521 ## - TARGET AUDIENCE NOTE
Target audience note
526 ## - STUDY PROGRAM INFORMATION NOTE
Reading level 470
650 #0 - SUBJECT ADDED ENTRY--TOPICAL TERM
Topical term or geographic name as entry element Detective and mystery stories.
9 (RLIN) 4339
650 #0 - SUBJECT ADDED ENTRY--TOPICAL TERM
Topical term or geographic name as entry element Graffiti
Form subdivision Juvenile fiction.
9 (RLIN) 23855
655 #7 - INDEX TERM--GENRE/FORM
Genre/form data or focus term Mystery fiction.
Source of term gsafd
9 (RLIN) 4089
655 #7 - INDEX TERM--GENRE/FORM
Genre/form data or focus term Children's stories.
Source of term lcsh
9 (RLIN) 3012
700 1# - ADDED ENTRY--PERSONAL NAME
Personal name Williams, Richard,
Dates associated with a name 1950-
9 (RLIN) 23856
710 2# - ADDED ENTRY--CORPORATE NAME
Corporate name or jurisdiction name as entry element Copyright Paperback Collection (Library of Congress)
Institution to which field applies DLC
9 (RLIN) 705
906 ## - LOCAL DATA ELEMENT F, LDF (RLIN)
a 7
b cbc
c copycat
d 2
e ncip
f 19
g y-genrareb
942 ## - ADDED ENTRY ELEMENTS (KOHA)
Source of classification or shelving scheme Library of Congress Classification
Koha item type
Holdings
Withdrawn status Lost status Source of classification or shelving scheme Damaged status Home library Current library Shelving location Date acquired Total Checkouts Full call number Barcode Date last seen Copy number Price effective from Koha item type
    Library of Congress Classification   Luxembourg Library Luxembourg Library Scholastic Reading Center Section 10/08/2013   PZ 7 .M488 2004 LEX2203 04/18/2017 1 01/30/2014 Books
    Library of Congress Classification   Luxembourg Library Luxembourg Library Scholastic Reading Center Section 10/08/2013   PZ 7 .M488 2004 LEX2244 04/18/2017 2 10/08/2013 Books
    Library of Congress Classification   Luxembourg Library Luxembourg Library Scholastic Reading Center Section 10/08/2013   PZ 7 .M488 2004 LEX2222 04/18/2017 3 10/08/2013 Books
    Library of Congress Classification   Luxembourg Library Luxembourg Library Scholastic Reading Center Section 10/26/2013   PZ 7 .M488 2004 LEX0133 04/18/2017   10/26/2013 Books

The spray-paint mystery /

APA

Medearis A. S., Williams R. & Copyright Paperback Collection (Library of Congress). (1996). The spray-paint mystery. New York, NY: Scholastic Inc.

Chicago

Medearis Angela Shelf, Williams Richard and Copyright Paperback Collection (Library of Congress). 1996. The spray-paint mystery. New York, NY: Scholastic Inc.

Harvard

Medearis A. S., Williams R. and Copyright Paperback Collection (Library of Congress). (1996). The spray-paint mystery. New York, NY: Scholastic Inc.

MLA

Medearis Angela Shelf, Williams Richard and Copyright Paperback Collection (Library of Congress). The spray-paint mystery. New York, NY: Scholastic Inc. 1996.

  • Place hold
  • Print
  • Cite
  • Add to your cart (remove)
  • Save record
    BIBTEX Dublin Core MARCXML MARC (non-Unicode/MARC-8) MARC (Unicode/UTF-8) MARC (Unicode/UTF-8, Standard) MODS (XML) RIS
  • More searches
    Search for this title in:
    Other Libraries (WorldCat) Other Databases (Google Scholar) Online Stores (Bookfinder.com) Open Library (openlibrary.org)

Exporting to Dublin Core...

SOUTHVILLE LIBRARY

Southville International School and Colleges Library

1281 Tropical Ave. Cor. Luxembourg St., BF Homes International, Las Pinas City

Tel. No. 8256374 / 252358 Loc. 117/146

Powered by Koha